000 00261nam a2200109Ia 4500
008 190919s9999||||xx |||||||||||||| ||und||
100 _a Huber, Schroder
245 0 _aATM Networks
260 _aNew Delhi
_bTata McGraw Hill
_c2003
300 _a624
942 _cBK
999 _c11433
_d11433